000 00565nam a22001937a 4500
005 20241213104621.0
008 241213b ||||| |||| 00| 0 eng d
040 _cAL
041 _aEnglish
082 _223
_a348.04
_bEASS
100 _aEastern Book Company
_9190674
245 _aSupreme Court Cases: Vol 4
260 _aLucknow
_bEastern Book Company
_c1981
300 _axvii,772p.
_bHB
_c24x15cm.
365 _a1061
_b₹959.52
_c
_d₹1279.36
_e25%
_f28/11/2024
650 _aMode of Citation
_9190675
650 _aSupreme Court
_9190676
942 _2ddc
_cBI
999 _c232809
_d232809